[Event "Agneaux St Lo GM 02nd"]
[Site "Agneaux"]
[Date "2000.07.14"]
[Round "7"]
[White "Ghitescu, Theodor"]
[Black "Belkhodja, Slim"]
[Result "1/2-1/2"]
[WhiteElo "2381"]
[BlackElo "2440"]
[PlyCount "67"]
[EventDate "2000.07.08"]
[EventType "tourn"]
[EventRounds "9"]
[EventCountry "FRA"]
[EventCategory "7"]
[SourceTitle "EXT 2001"]
[Source "ChessBase"]
[SourceDate "2000.11.22"]
[SourceVersion "1"]
[SourceVersionDate "2000.11.22"]
[SourceQuality "1"]

1. d4 d6 2. Nf3 Nf6 3. c4 g6 4. Nc3 Bg7 5. e4 0-0 6. Be2 e5 7. 0-0 exd4 8. Nxd4 Re8 9. f3 c6 10. Kh1 Nh5 11. g4 Nf6 12. Bf4 h5 13. g5 Nh7 14. Qd2 Na6 15. Rad1 Qe7 16. Rg1 Nf8 17. a3 Bd7 18. Ndb5 d5 19. Nd6 d4 20. Nxe8 Rxe8 21. Na4 Ne6 22. b4 c5 23. b5 Nxf4 24. Qxf4 Be5 25. Qh4 Bb8 26. Nb2 Nc7 27. Bf1 b6 28. Nd3 Ne6 29. Re1 Ng7 30. Bh3 Be6 31. Bxe6 fxe6 32. e5 Nf5 33. Qe4 Qf7 34. Re2 1/2-1/2

[Event "Agneaux St Lo GM 02nd"]
[Site "Agneaux"]
[Date "2000.07.10"]
[Round "3"]
[White "Dumitrache, Dragos Nicolae"]
[Black "Ghitescu, Theodor"]
[Result "1/2-1/2"]
[WhiteElo "2443"]
[BlackElo "2381"]
[PlyCount "21"]
[EventDate "2000.07.08"]
[EventType "tourn"]
[EventRounds "9"]
[EventCountry "FRA"]
[EventCategory "7"]
[SourceTitle "EXT 2001"]
[Source "ChessBase"]
[SourceDate "2000.11.22"]
[SourceVersion "1"]
[SourceVersionDate "2000.11.22"]
[SourceQuality "1"]

1. d4 d5 2. c4 c6 3. Nf3 Nf6 4. cxd5 cxd5 5. Nc3 Nc6 6. Bf4 Bf5 7. e3 e6 8. Bb5 Bb4 9. 0-0 0-0 10. Qa4 Bxc3 11. bxc3 1/2-1/2

[Event "ROM-chT2"]
[Site "Baile Tusnad"]
[Date "2000.??.??"]
[Round "?"]
[White "Ghitescu, Theodor"]
[Black "Manole, Vasile"]
[Result "0-1"]
[WhiteElo "2377"]
[BlackElo "2337"]
[PlyCount "100"]
[EventDate "2000.??.??"]
[EventType "team"]
[EventRounds "9"]
[EventCountry "ROU"]
[SourceTitle "EXT 2001"]
[Source "ChessBase"]
[SourceDate "2000.11.22"]
[SourceVersion "1"]
[SourceVersionDate "2000.11.22"]
[SourceQuality "1"]

1. d4 d5 2. c4 e6 3. Nf3 Nf6 4. Nc3 Be7 5. Bg5 Nbd7 6. e3 0-0 7. Rc1 a6 8. cxd5 exd5 9. Bd3 Re8 10. 0-0 c6 11. Bf4 Nf8 12. h3 Ng6 13. Bh2 Bd6 14. Bxd6 Qxd6 15. Qc2 Qe7 16. Nd2 Nh4 17. Rfe1 Nh5 18. f4 Nxg2 19. Kxg2 Qh4 20. Nf1 Bxh3+ 21. Kg1 Qg4+ 22. Kh2 Bxf1 23. Bxf1 Rxe3 24. Rxe3 Qxf4+ 25. Kh1 Qxe3 26. Rd1 Re8 27. Qh2 Nf4 28. Qg1 Qf3+ 29. Bg2 Qh5+ 30. Qh2 Qxd1+ 31. Nxd1 Re1+ 32. Qg1 Rxg1+ 33. Kxg1 Ne2+ 34. Kf2 Nxd4 35. Bh3 Ne6 36. Nc3 Kf8 37. b4 Ke7 38. Na4 Kd6 39. Bxe6 fxe6 40. Nc5 b6 41. Nxa6 c5 42. b5 h5 43. a4 g5 44. Nb8 c4 45. Nc6 Kc5 46. Nb8 Kb4 47. Nd7 Kxa4 48. Nxb6+ Kxb5 49. Nd7 c3 50. Ke3 h4 0-1

[Event "Cappelle op 15th"]
[Site "Cappelle la Grande"]
[Date "1999.02.18"]
[Round "6"]
[White "Stefansson, Hannes"]
[Black "Ghitescu, Theodor"]
[Result "1-0"]
[WhiteElo "2569"]
[BlackElo "2365"]
[PlyCount "95"]
[EventDate "1999.02.13"]
[EventType "swiss"]
[EventRounds "9"]
[EventCountry "FRA"]
[SourceTitle "EXT 2000"]
[Source "ChessBase"]
[SourceDate "1999.11.16"]
[SourceVersion "1"]
[SourceVersionDate "1999.11.16"]
[SourceQuality "1"]

1. d4 Nf6 2. c4 c5 3. d5 d6 4. Nc3 g6 5. e4 Bg7 6. f3 0-0 7. Bg5 h6 8. Be3 e6 9. Qd2 exd5 10. cxd5 Re8 11. Nge2 Nh7 12. Nc1 a6 13. a4 Nd7 14. Be2 Rb8 15. 0-0 h5 16. Rb1 Qc7 17. Nd3 b5 18. axb5 axb5 19. b4 c4 20. Ne1 Ne5 21. Nc2 Bd7 22. Nd4 Qb7 23. h3 Nf6 24. Ra1 Ra8 25. f4 Nd3 26. Rxa8 Qxa8 27. Bxd3 cxd3 28. Ndxb5 Bxb5 29. Nxb5 Nxe4 30. Qxd3 Qa6 31. Rd1 Ng3 32. Na3 Qxd3 33. Rxd3 Rxe3 34. Rxe3 Bd4 35. Kf2 Nf5 36. Nc2 Nxe3 37. Nxe3 Kf8 38. Ke2 Ke7 39. Kd3 Ba7 40. f5 Kd7 41. Ke4 Bb6 42. Nc4 Bf2 43. Kf4 Bh4 44. b5 Be7 45. b6 Kc8 46. f6 Bf8 47. g4 hxg4 48. hxg4 1-0

[Event "Golden Cleopatra"]
[Site "Cairo"]
[Date "1998.03.11"]
[Round "1"]
[White "Afifi, Assem"]
[Black "Ghitescu, Theodor"]
[Result "1/2-1/2"]
[WhiteElo "2345"]
[BlackElo "2355"]
[PlyCount "137"]
[EventDate "1998.??.??"]
[EventType "schev"]
[EventRounds "10"]
[EventCountry "EGY"]
[SourceTitle "EXT 1999"]
[Source "ChessBase"]
[SourceDate "1998.11.16"]
[SourceVersion "1"]
[SourceVersionDate "1998.11.16"]
[SourceQuality "1"]

1. d4 Nf6 2. Bg5 d5 3. Nc3 Bf5 4. f3 c6 5. Qd2 Nbd7 6. g4 Bg6 7. Bf4 e6 8. h4 h6 9. h5 Bh7 10. e3 Bb4 11. Bd3 Qa5 12. Nge2 b5 13. 0-0 Be7 14. a3 Qb6 15. Kg2 Bxd3 16. Qxd3 a6 17. e4 dxe4 18. Nxe4 c5 19. Nxf6+ Nxf6 20. Rad1 Rd8 21. dxc5 Qxc5 22. Qc3 0-0 23. Be3 Qxc3 24. Nxc3 Rc8 25. Bd4 Rfd8 26. Rf2 Nd5 27. Nxd5 Rxd5 28. Rdd2 Bh4 29. Rfe2 Bg5 30. Rd3 Rcd8 31. Be3 Rxd3 32. cxd3 Rxd3 33. Bxg5 hxg5 34. Rc2 f5 35. gxf5 exf5 36. Rc6 Rb3 37. Rxa6 Rxb2+ 38. Kg3 Rb3 39. Kg2 Rb2+ 40. Kg3 Kh7 41. Rb6 Rb3 42. Kg2 g4 43. fxg4 fxg4 44. Rg6 Rxa3 45. Rxg4 Rc3 46. Rg5 b4 47. Rb5 b3 48. Rb6 Kg8 49. Rb7 Kf8 50. Kh2 Rc2+ 51. Kg3 b2 52. Kg4 Ke8 53. Kf5 Kd8 54. Kg6 Rg2+ 55. Kf7 Kc8 56. Rb3 Kd7 57. Rb7+ Kd6 58. Rb8 Kd5 59. Rb5+ Kc4 60. Rxb2 Rxb2 61. Kxg7 Rg2+ 62. Kf6 Rh2 63. Kg6 Kd5 64. h6 Ke6 65. Kg7 Rg2+ 66. Kf8 Rf2+ 67. Kg8 Kf6 68. h7 Rg2+ 69. Kf8 1/2-1/2

[Event "ROM-chT"]
[Site "Sovata"]
[Date "1998.??.??"]
[Round "3"]
[White "Ghitescu, Theodor"]
[Black "Dumitrache, Dragos Nicolae"]
[Result "1/2-1/2"]
[WhiteElo "2355"]
[BlackElo "2385"]
[PlyCount "54"]
[EventDate "1998.??.??"]
[EventType "team"]
[EventRounds "5"]
[EventCountry "ROU"]
[SourceTitle "EXT 1999"]
[Source "ChessBase"]
[SourceDate "1998.11.16"]
[SourceVersion "1"]
[SourceVersionDate "1998.11.16"]
[SourceQuality "1"]

1. d4 Nf6 2. c4 d6 3. Nc3 Nbd7 4. e4 e5 5. Nf3 Be7 6. Be2 0-0 7. 0-0 c6 8. Re1 a6 9. Bf1 Re8 10. a3 b6 11. b4 Bb7 12. Bb2 Qb8 13. b5 Bf8 14. bxc6 Bxc6 15. Nd5 Ra7 16. a4 g6 17. Rb1 Bg7 18. Ba3 exd4 19. Nxd4 Ba8 20. f3 Bxd5 21. exd5 Rxe1 22. Qxe1 Qc7 23. Nc6 Ra8 24. a5 bxa5 25. Qxa5 Qxa5 26. Nxa5 Bf8 27. Nc6 Nc5 1/2-1/2

[Event "Centrocoop June op-A"]
[Site "Eforie Nord "]
[Date "1998.??.??"]
[Round "?"]
[White "Ghitescu, Theodor"]
[Black "Kutnik, Alexandru"]
[Result "1/2-1/2"]
[WhiteElo "2355"]
[BlackElo "2270"]
[PlyCount "56"]
[EventDate "1998.06.??"]
[EventType "swiss"]
[EventRounds "11"]
[EventCountry "ROU"]
[SourceTitle "EXT 2000"]
[Source "ChessBase"]
[SourceDate "1999.11.16"]
[SourceVersion "1"]
[SourceVersionDate "1999.11.16"]
[SourceQuality "1"]

1. d4 c5 2. d5 Nf6 3. c4 e5 4. Nc3 d6 5. e4 Be7 6. Be2 Na6 7. Nf3 Nc7 8. a3 0-0 9. 0-0 b6 10. Ne1 a6 11. b4 b5 12. f3 cxb4 13. axb4 bxc4 14. Bxc4 Rb8 15. Nd3 Nb5 16. Bxb5 Qb6+ 17. Kh1 axb5 18. Qe2 Bd7 19. Be3 Qd8 20. Ra5 Rb7 21. Rfa1 Qc7 22. Rc1 Qb8 23. Qa2 Rc8 24. Ba7 Qc7 25. Ne2 Qd8 26. Rxc8 Qxc8 27. Be3 h6 28. Ra8 Rb8 1/2-1/2

[Event "ROM-chT"]
[Site "Sovata"]
[Date "1998.??.??"]
[Round "4"]
[White "Ghitescu, Theodor"]
[Black "Vasiesiu, Dan"]
[Result "0-1"]
[WhiteElo "2355"]
[BlackElo "2420"]
[PlyCount "26"]
[EventDate "1998.??.??"]
[EventType "team"]
[EventRounds "5"]
[EventCountry "ROU"]
[SourceTitle "EXT 1999"]
[Source "ChessBase"]
[SourceDate "1998.11.16"]
[SourceVersion "1"]
[SourceVersionDate "1998.11.16"]
[SourceQuality "1"]

1. d4 Nf6 2. c4 c5 3. d5 b5 4. cxb5 a6 5. e3 g6 6. Nc3 Bg7 7. Nf3 0-0 8. a4 Bb7 9. e4 e6 10. Bg5 h6 11. Bxf6 Qxf6 12. Be2 axb5 13. axb5 Qxc3+ 0-1

[Event "Centrocoop June op-A"]
[Site "Eforie Nord "]
[Date "1998.??.??"]
[Round "?"]
[White "Vajda, Albert"]
[Black "Ghitescu, Theodor"]
[Result "1/2-1/2"]
[WhiteElo "2400"]
[BlackElo "2355"]
[PlyCount "89"]
[EventDate "1998.06.??"]
[EventType "swiss"]
[EventRounds "11"]
[EventCountry "ROU"]
[SourceTitle "EXT 2000"]
[Source "ChessBase"]
[SourceDate "1999.11.16"]
[SourceVersion "1"]
[SourceVersionDate "1999.11.16"]
[SourceQuality "1"]

1. Nf3 Nf6 2. c4 g6 3. Nc3 Bg7 4. e4 d6 5. d4 0-0 6. Be2 e5 7. d5 Na6 8. h3 Qe8 9. g4 Nc5 10. Qc2 a5 11. Be3 Bd7 12. Nd2 a4 13. Rg1 Qb8 14. h4 Qc8 15. f3 h5 16. g5 Ne8 17. Kf2 Kh7 18. b4 axb3 19. axb3 Rxa1 20. Rxa1 f5 21. Kg2 fxe4 22. Ndxe4 Bf5 23. b4 Nxe4 24. Nxe4 c6 25. Qb3 cxd5 26. cxd5 Rf7 27. Rc1 Rc7 28. Rxc7 Qxc7 29. Qc4 Qxc4 30. Bxc4 Bd7 31. Bb6 Kg8 32. Bd3 Kf7 33. Nd2 Ba4 34. Bd8 Bf8 35. b5 Ng7 36. b6 Bd7 37. Nc4 Nf5 38. Bxf5 Bxf5 39. Na5 Bc8 40. Bf6 Be7 41. Bxe7 Kxe7 42. Kf2 Kd8 43. Ke3 Ke7 44. f4 exf4+ 45. Kxf4 1/2-1/2

[Event "ROM-chT"]
[Site "Eforie Nord"]
[Date "1997.??.??"]
[Round "?"]
[White "Milu, Romeo Sorin"]
[Black "Ghitescu, Theodor"]
[Result "1/2-1/2"]
[WhiteElo "2430"]
[BlackElo "2355"]
[PlyCount "25"]
[EventDate "1997.09.??"]
[EventType "team"]
[EventRounds "9"]
[EventCountry "ROU"]
[SourceTitle "EXT 2000"]
[Source "ChessBase"]
[SourceDate "1999.11.16"]
[SourceVersion "1"]
[SourceVersionDate "1999.11.16"]
[SourceQuality "1"]

1. e4 c5 2. Nf3 e6 3. d4 cxd4 4. Nxd4 Nf6 5. Nc3 d6 6. Bc4 a6 7. 0-0 Nc6 8. Bb3 Nxd4 9. Qxd4 Be7 10. f4 0-0 11. f5 Kh8 12. Bg5 Bd7 13. Kh1 1/2-1/2

[Event "Val Thorens op"]
[Site "Val Thorens"]
[Date "1995.??.??"]
[Round "?"]
[White "Ghitescu, Theodor"]
[Black "Bolding, Klaus"]
[Result "1-0"]
[WhiteElo "2400"]
[BlackElo "2290"]
[PlyCount "63"]
[EventDate "1995.??.??"]
[EventType "swiss"]
[EventRounds "9"]
[EventCountry "FRA"]
[SourceTitle "EXT 1999"]
[Source "ChessBase"]
[SourceDate "1998.11.16"]
[SourceVersion "1"]
[SourceVersionDate "1998.11.16"]
[SourceQuality "1"]

1. d4 g6 2. c4 Bg7 3. Nc3 c5 4. d5 f5 5. Nf3 Bxc3+ 6. bxc3 d6 7. Bf4 Qa5 8. Qc2 Nf6 9. Nd2 Nbd7 10. e3 Nb6 11. Bd3 Bd7 12. 0-0 0-0-0 13. f3 h6 14. Bg3 Qa4 15. Qb3 Qa6 16. e4 Nh5 17. exf5 gxf5 18. Qc2 Nxg3 19. hxg3 Rhg8 20. Kf2 Kb8 21. Rh1 Rg7 22. Rxh6 Rdg8 23. Nf1 Nxc4 24. Rb1 Ka8 25. a4 Bxa4 26. Qa2 Bb5 27. Qb3 f4 28. g4 Na3 29. Bxb5 Nxb5 30. Qxb5 Qa2+ 31. Rb2 Qxd5 32. Rd2 1-0

[Event "Val Thorens op"]
[Site "Val Thorens"]
[Date "1995.??.??"]
[Round "?"]
[White "Ghitescu, Theodor"]
[Black "De Lagontrie, Jean"]
[Result "1-0"]
[WhiteElo "2400"]
[BlackElo "2085"]
[PlyCount "67"]
[EventDate "1995.??.??"]
[EventType "swiss"]
[EventRounds "9"]
[EventCountry "FRA"]
[SourceTitle "EXT 1999"]
[Source "ChessBase"]
[SourceDate "1998.11.16"]
[SourceVersion "1"]
[SourceVersionDate "1998.11.16"]
[SourceQuality "1"]

1. d4 e6 2. Nf3 d5 3. c4 c5 4. cxd5 exd5 5. g3 Nc6 6. Bg2 Nf6 7. 0-0 Be7 8. Nc3 0-0 9. Bg5 cxd4 10. Nxd4 h6 11. Be3 Re8 12. Rc1 Bf8 13. Nxc6 bxc6 14. Bd4 Ba6 15. Qa4 Bxe2 16. Nxe2 Rxe2 17. Qxc6 Re6 18. Qc2 Qa5 19. Rfd1 Ne4 20. a3 Be7 21. Qc7 Qb5 22. Bf1 Qb8 23. Bh3 Qxc7 24. Rxc7 Bd6 25. Bxe6 Bxc7 26. Bxd5 Re8 27. Bxa7 Nf6 28. Bf3 g5 29. Be3 Be5 30. b4 g4 31. Bc6 Re6 32. b5 Kg7 33. a4 Ng8 34. a5 1-0

[Event "Bucharest op"]
[Site "Bucharest"]
[Date "1995.??.??"]
[Round "?"]
[White "Ghitescu, Theodor"]
[Black "Lutu, Manuel Catalin"]
[Result "1-0"]
[WhiteElo "2395"]
[BlackElo "2200"]
[PlyCount "50"]
[EventDate "1995.??.??"]
[EventType "swiss"]
[EventRounds "9"]
[EventCountry "ROU"]
[SourceTitle "EXT 2002"]
[Source "ChessBase"]
[SourceDate "2001.11.25"]
[SourceVersion "1"]
[SourceVersionDate "2001.11.25"]
[SourceQuality "1"]

1. d4 f5 2. Nf3 Nf6 3. g3 g6 4. Bg2 Bg7 5. c4 d6 6. Nc3 0-0 7. 0-0 Qe8 8. b3 c6 9. Ba3 Na6 10. Rc1 Bd7 11. e3 Rc8 12. d5 c5 13. Nd2 Nc7 14. Qe2 b5 15. cxb5 Nxb5 16. Bb2 Nxc3 17. Bxc3 Bb5 18. Nc4 Qf7 19. Rcd1 Ng4 20. Bxg7 Qxg7 21. e4 Bd7 22. exf5 Bxf5 23. a3 Nf6 24. Rde1 Rce8 25. Qd2 g5 1-0

[Event "Bucharest op"]
[Site "Bucharest"]
[Date "1995.??.??"]
[Round "?"]
[White "Ghitescu, Theodor"]
[Black "Moldovan, Daniel"]
[Result "1/2-1/2"]
[WhiteElo "2395"]
[BlackElo "2420"]
[PlyCount "90"]
[EventDate "1995.??.??"]
[EventType "swiss"]
[EventRounds "9"]
[EventCountry "ROU"]
[SourceTitle "EXT 2002"]
[Source "ChessBase"]
[SourceDate "2001.11.25"]
[SourceVersion "1"]
[SourceVersionDate "2001.11.25"]
[SourceQuality "1"]

1. d4 g6 2. c4 Bg7 3. Nc3 c5 4. d5 Nf6 5. e4 d6 6. Bd3 0-0 7. Nge2 e6 8. 0-0 Ng4 9. Bc2 Ne5 10. b3 exd5 11. cxd5 b5 12. Rb1 b4 13. Na4 Ba6 14. f4 Ned7 15. Bb2 Nb6 16. Bxg7 Kxg7 17. Nb2 N8d7 18. Bd3 Bxd3 19. Qxd3 a5 20. Nc4 Nxc4 21. bxc4 a4 22. Ng3 f6 23. h4 Qe7 24. h5 Rae8 25. Rf3 Rh8 26. Qc2 Nb6 27. Re1 Rhf8 28. hxg6 hxg6 29. e5 dxe5 30. f5 g5 31. Ne4 Rc8 32. Ref1 Qd7 33. Nxg5 fxg5 34. f6+ Kf7 35. Rh3 Ke8 36. Rh7 Qd6 37. Re7+ Kd8 38. Qg6 Nxc4 39. Qg7 Rxf6 40. Rxf6 Qxe7 41. Rf7 Qxf7 42. Qxf7 b3 43. axb3 axb3 44. Qf6+ Kc7 45. Qc6+ Kd8 1/2-1/2

[Event "Bucharest op"]
[Site "Bucharest"]
[Date "1995.??.??"]
[Round "?"]
[White "Ghitescu, Theodor"]
[Black "Zamfirescu, Bogdan"]
[Result "1-0"]
[WhiteElo "2395"]
[BlackElo "2235"]
[PlyCount "27"]
[EventDate "1995.??.??"]
[EventType "swiss"]
[EventRounds "9"]
[EventCountry "ROU"]
[SourceTitle "EXT 2002"]
[Source "ChessBase"]
[SourceDate "2001.11.25"]
[SourceVersion "1"]
[SourceVersionDate "2001.11.25"]
[SourceQuality "1"]

1. d4 g6 2. c4 Bg7 3. Nf3 d6 4. Nc3 Nc6 5. d5 Ne5 6. Nxe5 Bxe5 7. e4 c5 8. Bd3 e6 9. Be3 Nf6 10. h3 exd5 11. exd5 0-0 12. Qd2 Nh5 13. g4 Ng7 14. Ne2 1-0

[Event "Cappelle op 10th"]
[Site "Cappelle la Grande"]
[Date "1994.??.??"]
[Round "3"]
[White "Caruso, Augusto"]
[Black "Ghitescu, Theodor"]
[Result "0-1"]
[WhiteElo "2235"]
[BlackElo "2410"]
[PlyCount "68"]
[EventDate "1994.02.??"]
[EventType "swiss"]
[EventRounds "9"]
[EventCountry "FRA"]
[SourceTitle "EXT 1999"]
[Source "ChessBase"]
[SourceDate "1998.11.16"]
[SourceVersion "1"]
[SourceVersionDate "1998.11.16"]
[SourceQuality "1"]

1. e4 c5 2. Nf3 d6 3. d4 Nf6 4. Nc3 cxd4 5. Nxd4 a6 6. Bg5 Nc6 7. Qd2 e6 8. 0-0-0 Bd7 9. f4 b5 10. a3 Qb6 11. Nb3 b4 12. axb4 Nxb4 13. e5 Nfd5 14. Nxd5 Nxd5 15. Bc4 Ne3 16. Qd4 Nxc4 17. Qxc4 Rc8 18. Qd3 d5 19. f5 Bb4 20. Nd4 0-0 21. Qg3 exf5 22. Bf6 g6 23. Qh4 Rfe8 24. Rd3 f4 25. Qxf4 Rc4 26. h4 Bf5 27. Rhd1 Rec8 28. Qf2 Rxc2+ 29. Qxc2 Rxc2+ 30. Nxc2 Qc6 31. Kb1 Qc4 32. Nxb4 Qxb4 33. Kc1 Qf4+ 34. R1d2 Bxd3 0-1

[Event "Satu Mare"]
[Site "Satu Mare"]
[Date "1994.??.??"]
[Round "11"]
[White "Foisor, Ovidiu Doru"]
[Black "Ghitescu, Theodor"]
[Result "1/2-1/2"]
[WhiteElo "2435"]
[BlackElo "2410"]
[PlyCount "24"]
[EventDate "1994.??.??"]
[EventType "tourn"]
[EventRounds "11"]
[EventCountry "ROU"]
[EventCategory "8"]
[SourceTitle "EXT 2004"]
[Source "ChessBase"]
[SourceDate "2003.11.25"]
[SourceVersion "1"]
[SourceVersionDate "2003.11.25"]
[SourceQuality "1"]

1. d4 d5 2. c4 c6 3. cxd5 cxd5 4. Nc3 Nc6 5. Nf3 Nf6 6. Bf4 Bf5 7. e3 e6 8. Bd3 Bxd3 9. Qxd3 Bd6 10. Bxd6 Qxd6 11. 0-0 0-0 12. Rfc1 Rfe8 1/2-1/2

[Event "Cappelle op 10th"]
[Site "Cappelle la Grande"]
[Date "1994.??.??"]
[Round "4"]
[White "Ghitescu, Theodor"]
[Black "Elsness, Frode"]
[Result "1-0"]
[WhiteElo "2410"]
[BlackElo "2280"]
[PlyCount "73"]
[EventDate "1994.02.??"]
[EventType "swiss"]
[EventRounds "9"]
[EventCountry "FRA"]
[SourceTitle "EXT 1999"]
[Source "ChessBase"]
[SourceDate "1998.11.16"]
[SourceVersion "1"]
[SourceVersionDate "1998.11.16"]
[SourceQuality "1"]

1. d4 f5 2. g3 Nf6 3. Bg2 e6 4. Nf3 d5 5. 0-0 Bd6 6. c4 c6 7. b3 Qe7 8. a4 b6 9. Ba3 Bxa3 10. Nxa3 0-0 11. Qc2 Bb7 12. Rfc1 Nfd7 13. Qd2 Na6 14. e3 Rfd8 15. a5 Nf6 16. Ne5 c5 17. Nb5 Ne4 18. Qb2 Nb4 19. f3 Nd6 20. Nxd6 Qxd6 21. f4 Rab8 22. axb6 axb6 23. Ra7 Qc7 24. cxd5 exd5 25. Qc3 Ra8 26. Rxa8 Rxa8 27. Qxb4 Qxe5 28. fxe5 cxb4 29. h4 Kf8 30. Rc7 Ra1+ 31. Kh2 Ba6 32. Bxd5 Re1 33. e6 Rxe3 34. Rf7+ Ke8 35. Bc6+ Kd8 36. Rd7+ Kc8 37. e7 1-0

[Event "Satu Mare"]
[Site "Satu Mare"]
[Date "1994.??.??"]
[Round "1"]
[White "Ghitescu, Theodor"]
[Black "Meszaros, Andras"]
[Result "1/2-1/2"]
[WhiteElo "2410"]
[BlackElo "2395"]
[PlyCount "155"]
[EventDate "1994.??.??"]
[EventType "tourn"]
[EventRounds "11"]
[EventCountry "ROU"]
[EventCategory "8"]
[SourceTitle "EXT 2004"]
[Source "ChessBase"]
[SourceDate "2003.11.25"]
[SourceVersion "1"]
[SourceVersionDate "2003.11.25"]
[SourceQuality "1"]

1. d4 d5 2. c4 e6 3. Nf3 c5 4. cxd5 exd5 5. g3 Nc6 6. Bg2 Nf6 7. 0-0 Be7 8. Nc3 0-0 9. Bg5 cxd4 10. Nxd4 h6 11. Be3 Re8 12. Rc1 Bf8 13. Nxc6 bxc6 14. Bd4 Bg4 15. h3 Bf5 16. e3 Re6 17. Ne2 g5 18. Bc3 c5 19. Bxf6 Qxf6 20. Nc3 Rd8 21. Nxd5 Qxb2 22. Qb3 Qxb3 23. axb3 Kg7 24. g4 Be4 25. Bxe4 Rxe4 26. f3 Re6 27. e4 Rb8 28. Rc3 Ra6 29. Ne3 Kg6 30. Nc4 Bg7 31. e5 Re6 32. Ra1 a6 33. Rd1 Bxe5 34. Nxe5+ Rxe5 35. Rd6+ Re6 36. Rxe6+ fxe6 37. Rxc5 Rxb3 38. Rc6 Rxf3 39. Rxe6+ Rf6 40. Re5 Kf7 41. Kg2 Re6 42. Rd5 Ke7 43. Kf3 Rd6 44. Rc5 Kd7 45. Ke4 Rc6 46. Rf5 Kc7 47. Kd3 Kb6 48. h4 gxh4 49. Rh5 Rg6 50. Rxh4 Kb5 51. Kc3 Kc5 52. Rh5+ Kd6 53. Kd3 Ke7 54. Ke3 Kf7 55. Ra5 Re6+ 56. Kf3 Rf6+ 57. Ke3 Re6+ 58. Kf3 Ke7 59. Rd5 Rd6 60. Rc5 Kd7 61. Ke3 Rg6 62. Rh5 Kc6 63. Kd3 Kc7 64. Kc3 Kd7 65. Kd3 Ke7 66. Ke3 Kf6 67. Ra5 Rxg4 68. Rxa6+ Kg5 69. Kf3 h5 70. Ra8 Kh4 71. Rh8 Rg3+ 72. Kf2 Rg5 73. Rf8 Kh3 74. Rf3+ Kh2 75. Rf4 Rg4 76. Rf8 h4 77. Rf7 Rg2+ 78. Kf1 1/2-1/2

[Event "Cappelle op 10th"]
[Site "Cappelle la Grande"]
[Date "1994.??.??"]
[Round "9"]
[White "Ghitescu, Theodor"]
[Black "Voiska, Margarita"]
[Result "1/2-1/2"]
[WhiteElo "2410"]
[BlackElo "2325"]
[PlyCount "39"]
[EventDate "1994.02.??"]
[EventType "swiss"]
[EventRounds "9"]
[EventCountry "FRA"]
[SourceTitle "EXT 1999"]
[Source "ChessBase"]
[SourceDate "1998.11.16"]
[SourceVersion "1"]
[SourceVersionDate "1998.11.16"]
[SourceQuality "1"]

1. d4 d5 2. c4 c6 3. Nf3 Nf6 4. Nc3 a6 5. c5 g6 6. Bf4 Bg7 7. h3 Ne4 8. Rc1 Nd7 9. e3 Nxc3 10. Rxc3 0-0 11. Be2 b5 12. cxb6 Qxb6 13. Qb3 Qxb3 14. axb3 c5 15. 0-0 Bb7 16. Rc2 Rfc8 17. Rfc1 cxd4 18. exd4 Rxc2 19. Rxc2 Nf8 20. b4 1/2-1/2

[Event "Satu Mare"]
[Site "Satu Mare"]
[Date "1994.??.??"]
[Round "8"]
[White "Itkis, Boris"]
[Black "Ghitescu, Theodor"]
[Result "1/2-1/2"]
[WhiteElo "2475"]
[BlackElo "2410"]
[PlyCount "55"]
[EventDate "1994.??.??"]
[EventType "tourn"]
[EventRounds "11"]
[EventCountry "ROU"]
[EventCategory "8"]
[SourceTitle "EXT 2004"]
[Source "ChessBase"]
[SourceDate "2003.11.25"]
[SourceVersion "1"]
[SourceVersionDate "2003.11.25"]
[SourceQuality "1"]

1. d4 Nf6 2. Nf3 g6 3. c4 Bg7 4. g3 0-0 5. Bg2 d6 6. Nc3 Nc6 7. 0-0 e5 8. d5 Ne7 9. b4 Nd7 10. Bb2 h6 11. e4 a5 12. a3 f5 13. exf5 gxf5 14. Nh4 e4 15. f4 exf3 16. Nxf3 Ne5 17. Nxe5 Bxe5 18. Qd2 axb4 19. axb4 Rxa1 20. Bxa1 Kh7 21. Ne2 Ng6 22. Bd4 Qe7 23. h4 Qg7 24. Kh1 Bd7 25. Qd3 c6 26. Bg1 cxd5 27. cxd5 Rf7 28. Rd1 1/2-1/2

[Event "Bucharest GM"]
[Site "Bucharest"]
[Date "1993.??.??"]
[Round "?"]
[White "Ghitescu, Theodor"]
[Black "Nevednichy, Vladislav"]
[Result "1/2-1/2"]
[WhiteElo "2420"]
[BlackElo "2495"]
[PlyCount "101"]
[EventDate "1993.??.??"]
[EventType "tourn"]
[EventRounds "13"]
[EventCountry "ROU"]
[EventCategory "8"]
[SourceTitle "EXT 2004"]
[Source "ChessBase"]
[SourceDate "2003.11.25"]
[SourceVersion "1"]
[SourceVersionDate "2003.11.25"]
[SourceQuality "1"]

1. d4 Nf6 2. c4 Nc6 3. Nf3 e6 4. Nc3 Bb4 5. Bg5 h6 6. Bh4 g5 7. Bg3 Ne4 8. Qc2 Nxg3 9. hxg3 g4 10. d5 gxf3 11. dxc6 fxe2 12. cxd7+ Bxd7 13. Bxe2 Bc6 14. Bf3 Qd4 15. Bxc6+ bxc6 16. Rh4 Bxc3+ 17. bxc3 Qe5+ 18. Kf1 Ke7 19. Re1 Qc5 20. Qe2 Rad8 21. Rh5 Qd6 22. Kg1 Qd2 23. Qe5 Qd6 24. Qe4 Qd2 25. Rf5 Rhg8 26. Qe5 Ke8 27. Rf4 Rg6 28. Rd4 Rxd4 29. cxd4 Rg5 30. Qe4 Kd7 31. Qe2 Qxe2 32. Rxe2 c5 33. Re4 Kc6 34. g4 cxd4 35. Rxd4 Ra5 36. Rf4 Rxa2 37. Rxf7 Rc2 38. Rf6 Kd6 39. Rxh6 Rxc4 40. f3 a5 41. Rh8 a4 42. Ra8 c5 43. Kf2 Ke5 44. Kg3 Rb4 45. g5 c4 46. f4+ Kf5 47. Rf8+ Ke4 48. g6 Rb7 49. Ra8 Rg7 50. Rxa4 Rxg6+ 51. Kf2 1/2-1/2